000 01036nam a22002417a 4500
003 BD-DhUL
005 20211026150844.0
008 210915s2021 bg a|||| |||| 00| 0 ben
020 _a9789840426799 (hbk)
040 _aBD-DhUL
_cBD-DhUL
082 _a891.44
_bBAN
245 1 0 _aবঙ্গবন্ধু :
_bস্মারক-সংকলন /
_cসম্পাদনায় সৈয়দ জাহিদ হাসান, সনজিত চন্দ্র দাস ।
260 _aঢাকা :
_bআগামী,
_c২০২১ ।
300 _a৪৯৬ পৃ. :
_bচিত্র ;
_c২৪ সেমি.
365 _aBDT
_b1400.00
650 4 _aবাংলা সাহিত্য ।
650 4 _aBengali literature .
650 4 _aবাংলাদেশ
_xইতিহাস ।
650 4 _aBangladesh
_xHistory.
700 1 _aহাসান, সৈয়দ জাহিদ
_eসম্পা.
700 1 _aদাস, সনজিত চন্দ্র
_4সম্পা.
942 _2ddc
_cBK
999 _c254449
_d254449